zpět

Detail výsledku týmu

Limbo, Brno

Datum a čas kvízu

41.5 Celkem bodů Celkový počet nahraných bodů na tomto kvízu bez doplňovacích otázek.
3. Pořadí na kvízu Konečné umístění týmu na tomto kvízu.

Zaznamenané odpovědi

# Otázka Odpověď Body Výsledky
1. Moderátor jednoho rádia nabíze... Michal Kavalčík / Ruda z Ostravy 0
2. Turistům se minulý týden uzavř... Uluru (Ayers Rock) 1
3. V neděli měl vystoupit známý č... David Černý 1
4. Minulý týden jsme se dozvěděli... Avast 1
5. Minulý týden bylo oznámeno, že... Fernando Alonso 1
6. Druhý díl naší cesty kolem svě... Myanmar (Barma) 1
7. Pokračujeme dále do jihovýchod... Thajsko 1
8. Další dvě otázky budou patřit... Medvídek Pú 1
9. V severní Číně a jižním Mongol... Gobi 1
10. Dnešní putování zakončíme v Mo... z kobylího mléka 1